000 00971pam a2200277 a 4500
001 1598137
003 OSt
005 20231211084203.0
008 940816s1994 enka b 001 0 eng c
010 _a 94033944
020 _a0750609729
040 _aDNLM/DLC
_cDLC
_dDLC
082 _aWB 495 L95e 1994
100 1 _aLow, John; Reed, Ann
_910632
245 1 0 _aElectrotherapy Explained :
_bprinciples and practice
250 _a2nd ed.
260 _aOxford ;
_aBoston :
_bButterworth-Heinemann,
_c1994.
300 _axi, 393 p. :
_bill. ;
_c24 cm.
440 0 _aPhysiotherapy practice explained
_92795
504 _aIncludes bibliographical references and index.
650 0 _aElectrotherapeutics.
_910633
650 1 2 _aElectric Stimulation Therapy.
_910634
906 _a7
_bcbc
_corignew
_d1
_eocip
_f19
_gy-gencatlg
942 _2z
_cO_SHELF
999 _c4963
_d4963